000 00692nam a22002177a 4500
003 UA-OsUOA
001 68253
007 ta
008 20100413b un ||||| |||| 00| 0 ukr d
100 _aПроненко В.
090 _a94(477)
_bП81
942 _cSA
040 _aUA-OsUOA
_bukr
_cUA-OsUOA
_dUA-OsUOA
245 _aБухенвальдській набат: заклик до живих. До Міжнародного дня визволення в'язнів фашистських концтаборів
300 _aС.11
955 _a0
041 _aukr
080 _a94(477)
773 0 _w68250
650 7 _a9 Географія. Біографії. Історія
_2UDC
999 _c354444
_d354444